Precios de transferencia. Marco ter̤ico, jurd̕ico y prc̀tico

Detalles Bibliográficos
Otros Autores: Trejo Caballero, Juana
Formato: Desconocido
Lenguaje:español
Publicado: Mx̌ico : Instituto Mexicano de Contadores Pb︢licos, 2008
Materias:
Acceso en línea:Acceso restringido

MARC

LEADER 00000ny a22000003n 4500
005 20110519144452.0
008 110201s2008 mx s 000 0 spa d
020 |a 9786077620006 
035 |a 5283 
040 |a BUS  |d vLex 
090 |c 65  |d 65 
245 0 0 |a Precios de transferencia. Marco ter̤ico, jurd̕ico y prc̀tico  |h [Recurso electrn̤ico]  |c Juana Trejo Caballero (coord. editorial)  
256 |a Servicio en ln̕ea 
260 |a Mx̌ico :  |b Instituto Mexicano de Contadores Pb︢licos,  |c 2008  
506 1 |a Contenido solo disponible en los productos indicados  |d vLex Global  |d vLex Global (Academic Edition, excluding Law Schools)  |d vLex Global (U.S. Academic Edition, Law Schools)  |d vLex Global (U.S. Academic Edition, excluding Law Schools)  |d vLex Global (Academic Edition, Law Schools) 
650 0 4 |a Precios 
650 0 4 |a Actividad financiera 
650 0 4 |a Hacienda Pb︢lica 
650 0 4 |a Empresa mercantil 
700 1 |a Trejo Caballero, Juana 
740 0 |a vLex Libros (Servicios en ln̕ea) 
856 4 0 |u http://vlex.com/source/5283  |z Acceso restringido 
942 |c BOOK 
999 0 |a Prices  |b Mx̌ico